Nick Andes And The Power Of The Goods (Record no. 67901)
[ view plain ]
| 000 -LEADER | |
|---|---|
| fixed length control field | 00283nam a22001097a 4500 |
| 082 ## - DEWEY DECIMAL CLASSIFICATION NUMBER | |
| Classification number | 080/SHA |
| 100 ## - MAIN ENTRY--AUTHOR NAME | |
| Personal name | Sharma,Svanik |
| 245 ## - TITLE STATEMENT | |
| Title | Nick Andes And The Power Of The Goods |
| 260 ## - PUBLICATION, DISTRIBUTION, ETC. (IMPRINT) | |
| Place of publication | Gurgaon HR |
| Name of publisher | Guided Self Publishing India LLP |
| Year of publication | 2024 |
| 650 ## - SUBJECT ADDED ENTRY--TOPICAL TERM | |
| Topical Term | Motivation |
| 942 ## - ADDED ENTRY ELEMENTS (KOHA) | |
| Koha item type | Books |
| Withdrawn status | Lost status | Damaged status | Not for loan | Home library | Current library | Date acquired | Cost, normal purchase price | Full call number | Accession Number | Price effective from | Koha item type |
|---|---|---|---|---|---|---|---|---|---|---|---|
| MACL | MACL | 16/04/2025 | 349.00 | 080/SHA | DPI003541 | 16/04/2025 | Books | ||||
| MACL | MACL | 16/04/2025 | 349.00 | 080/SHA | DPI003540 | 16/04/2025 | Books |









